Managing investment portfolios: a dynamic process (3rd edition) (Record no. 50175)

MARC details
000 -LEADER
fixed length control field 00811nam a2200205 a 4500
008 - FIXED-LENGTH DATA ELEMENTS--GENERAL INFORMATION
fixed length control field 211130s2007 ||||||||||||||||| || u
020 ## - INTERNATIONAL STANDARD BOOK NUMBER
International Standard Book Number 9780470080146
050 ## - LIBRARY OF CONGRESS CALL NUMBER
Classification number HG 4429.5 Mag
100 ## - MAIN ENTRY--PERSONAL NAME
Personal name Maginn, John L
245 10 - TITLE STATEMENT
Title Managing investment portfolios: a dynamic process (3rd edition)
Statement of responsibility, etc. By John L. Maginn; Donald L. Tuttle; Jerald E. Pinto; Dennis W. McLeavey
250 ## - EDITION STATEMENT
Edition statement 3rd edition
260 ## - PUBLICATION, DISTRIBUTION, ETC.
Place of publication, distribution, etc. New Jersey
Name of publisher, distributor, etc. John Wiley & Sons, Inc
Date of publication, distribution, etc. 2007
300 ## - PHYSICAL DESCRIPTION
Extent xxv, 932 pages: illustrations
350 ## - PRICE (NR) (BK AM CF MU VM SE) [OBSOLETE]
Price 173.33
650 ## - SUBJECT ADDED ENTRY--TOPICAL TERM
Topical term or geographic name entry element PORTFOLIO MANAGEMENT
700 ## - ADDED ENTRY--PERSONAL NAME
Personal name McLeavey, Dennis W
700 ## - ADDED ENTRY--PERSONAL NAME
Personal name Tuttle, Donald L
700 ## - ADDED ENTRY--PERSONAL NAME
Personal name Pinto, Jerald E
995 ## - RECOMMENDATION 995 [LOCAL, UNIMARC FRANCE]
-- CBU-MAIN LIBRARY (Kitwe)
-- 173.33
-- AVAILABLE
-- Dec 8, 2021
-- Main Library Open Access Collection
Holdings
Withdrawn status Lost status Source of classification or shelving scheme Damaged status Not for loan Home library Current library Shelving location Date acquired Total Checkouts Full call number Barcode Date last seen Price effective from Koha item type
          CBU-MAIN LIBRARY, KITWE. CBU-MAIN LIBRARY, KITWE.   11/30/2022   HG 4429.5 Mag 751472 11/30/2022 11/30/2022 MONOGRAPH